Countries by Abbreviation - Statistics

General Stats
  • This quiz has been taken 17 times
  • The average score is 6 of 9
Answer Stats
Hint Answer % Correct
UK United Kingdom
100%
USA United States of America
100%
DRC Democratic Republic of the Congo
86%
PRC China
79%
AR Argentina
71%
CAR Central African Republic
64%
USSR Soviet Union
64%
FRG Germany
57%
LAJ Libya
7%
No matching quizzes found
Score Distribution
Percent of People with Each Score
Percentile by Number Answered
Your Score History
You have not taken this quiz